MARC

LEADER 00000nam1a2200000 4500
001 341063
005 20240914063127.0
035 |a (RuTPU)RU\TPU\book\368290 
090 |a 341063 
100 |a 20180529d1958 m y0rusy50 ca 
101 0 |a rus 
102 |a RU 
200 1 |a Сочинения: в трех томах  |f А. С. Пушкин 
210 |a Москва  |c Государственное издательство "Художественная литература"  |d 1958 
700 1 |a Пушкин  |b А. С.  |c российский поэт  |c писатель  |f 1799-1837  |g Александр Сергеевич  |7 ca  |8 rus  |2 stltpush  |3 (RuTPU)RU\TPU\pers\1026  |4 070  |9 453 
801 1 |a RU  |b 63413507  |c 20180529 
942 |c BK